[Event "NW Regional Scholastic Championships"]
[Site "Chess.com"]
[Date "2020.05.16"]
[Round "?"]
[White "HigherChallenge"]
[Black "Deng16"]
[Result "1-0"]
[WhiteElo "1275"]
[BlackElo "1200"]
[PlyCount "161"]
[EventDate "2020.??.??"]

1. d4 d5 2. Nc3 Nc6 3. g3 Nf6 4. Bg2 Bf5 5. a3 e6 6. h3 Bd6 7. g4 Bg6 8. Be3
Nd7 9. f3 Bg3+ 10. Bf2 Bxf2+ 11. Kxf2 Qf6 12. e3 Nb6 13. Nb5 O-O-O 14. h4 h5
15. g5 Qf5 16. Bh3 Qxc2+ 17. Qxc2 Bxc2 18. f4 Nc4 19. Nf3 Be4 20. b3 N4a5 21.
b4 Nc4 22. Rhc1 Bxf3 23. Kxf3 Nd2+ 24. Ke2 Nb3 25. Rxc6 bxc6 26. Nxa7+ Kb7 27.
Rb1 Kxa7 28. Rxb3 Rb8 29. Rc3 Rb6 30. a4 Rhb8 31. b5 Kb7 32. bxc6+ Rxc6 33.
Rb3+ Kc8 34. Ra3 Ra8 35. f5 Kd7 36. f6 g6 37. Kf3 Rca6 38. Bf1 Rxa4 39. Bb5+
Kd6 40. Rxa4 Rxa4 41. Bxa4 c6 42. Ke2 Kc7 43. Kd3 Kb6 44. Kc3 Kb7 45. Kb4 Kb6
46. Kc3 Kb7 47. Kd3 Kb6 48. e4 Kc7 49. exd5 exd5 50. Ke3 Kd7 51. Kf4 Kd6 52.
Ke3 Kd7 53. Kd3 Kc7 54. Kc3 Kb7 55. Kb4 Kb6 56. Kc3 Kc7 57. Kb3 Kb7 58. Kc3 Kc7
59. Bd1 Kb7 60. Kb4 Kb6 61. Be2 Kb7 62. Kc5 Kc7 63. Bd1 Kb7 64. Ba4 Kc7 65.
Bxc6 Kc8 66. Be8 Kd8 67. Bxf7 Kd7 68. Bxg6 Kd8 69. f7 Kc7 70. Kxd5 Kd7 71. Ke5
Ke7 72. d5 Kf8 73. d6 Kg7 74. d7 Kxg6 75. d8=Q Kxf7 76. Qf6+ Ke8 77. g6 Kd7 78.
g7 Kc7 79. g8=Q Kd7 80. Qgg7+ Kc8 81. Qff8# 1-0

[Event "NW Regional Scholastic Championships"]
[Site "Chess.com"]
[Date "2020.05.16"]
[Round "?"]
[White "PrestinoPower"]
[Black "EstimatedGuess"]
[Result "0-1"]
[WhiteElo "800"]
[BlackElo "1763"]
[PlyCount "40"]
[EventDate "2020.??.??"]

1. e4 c5 2. Nf3 Nc6 3. Bc4 Nf6 4. Nc3 e6 5. d3 d5 6. Bg5 dxc4 7. Bxf6 Qxf6 8.
dxc4 Be7 9. O-O O-O 10. Qd2 Rd8 11. Qe2 Nd4 12. Nxd4 Rxd4 13. e5 Qg6 14. g3 b6
15. Nb5 Bb7 16. Nxd4 cxd4 17. Rad1 Rd8 18. b3 h5 19. h4 Bxh4 20. Qf3 Bxf3 0-1

[Event "NW Regional Scholastic Championships"]
[Site "Chess.com"]
[Date "2020.05.16"]
[Round "?"]
[White "ghostyghost69"]
[Black "PrestinoPower"]
[Result "1/2-1/2"]
[WhiteElo "1040"]
[BlackElo "800"]
[PlyCount "65"]
[EventDate "2020.??.??"]

1. e4 e5 2. Nf3 Nc6 3. Bc4 Nf6 4. Ng5 Qe7 5. Nxf7 Rg8 6. Ng5 Rh8 7. Nc3 h6 8.
Nf7 Rh7 9. d3 d6 10. f4 Be6 11. fxe5 dxe5 12. O-O Bxc4 13. dxc4 Qxf7 14. Nb5 g5
15. Rf2 Bc5 16. b3 Bxf2+ 17. Kxf2 Nxe4+ 18. Kg1 Qf2+ 19. Kh1 Rd8 20. Qh5+ Kf8
21. Ba3+ Nd6 22. Rd1 Qf6 23. Kg1 Rf7 24. h3 Qf2+ 25. Kh2 Qf4+ 26. Kg1 Qf2+ 27.
Kh2 Qf4+ 28. Kh1 Rf6 29. Kg1 Qf2+ 30. Kh2 Qf4+ 31. Kg1 Qe3+ 32. Kh2 Qf4+ 33.
Kg1 1/2-1/2

[Event "NW Regional Scholastic Championships"]
[Site "Chess.com"]
[Date "2020.05.16"]
[Round "?"]
[White "cannondabomb"]
[Black "PrestinoPower"]
[Result "1-0"]
[WhiteElo "1201"]
[BlackElo "800"]
[PlyCount "85"]
[EventDate "2020.??.??"]

1. c4 e5 2. Nc3 Nc6 3. g3 d6 4. Bg2 Bd7 5. d3 f6 6. e3 Nge7 7. Nge2 Bg4 8. h3
Bf5 9. O-O Be6 10. b3 a6 11. d4 exd4 12. exd4 Bf5 13. Re1 Qd7 14. Nf4 g6 15.
Nfd5 O-O-O 16. Nxf6 Bg4 17. Nxd7 Bxd1 18. Nxf8 Rhxf8 19. Rxd1 Nf5 20. Bxc6 bxc6
21. Bg5 Rde8 22. Re1 Rxe1+ 23. Rxe1 Nxd4 24. Re7 Nf3+ 25. Kg2 Nxg5 26. h4 Nf7
27. Ne4 Ne5 28. Rxh7 Kb7 29. Nxd6+ Kb6 30. Ne4 Nd3 31. f4 Ne1+ 32. Kf2 Re8 33.
c5+ Ka5 34. Ke3 Nc2+ 35. Kd3 Nb4+ 36. Ke3 Nxa2 37. Rxc7 Kb5 38. Rb7+ Ka5 39.
Kf3 Nc1 40. b4+ Ka4 41. Rb6 Kb3 42. Rxa6 Kc4 43. Nd6+ 1-0

[Event "NW Regional Scholastic Championships"]
[Site "Chess.com"]
[Date "2020.05.16"]
[Round "?"]
[White "jsmith2005"]
[Black "drewbchess"]
[Result "0-1"]
[WhiteElo "1000"]
[BlackElo "1767"]
[PlyCount "82"]
[EventDate "2020.??.??"]

1. d4 Nf6 2. Nc3 d5 3. g3 Bf5 4. Nf3 e6 5. Bf4 c5 6. e3 Nc6 7. Bb5 Ne4 8. Nxe4
Bxe4 9. Bd3 Bg6 10. Bxg6 hxg6 11. Qd3 cxd4 12. Nxd4 Nb4 13. Qb5+ Qd7 14. Qxd7+
Kxd7 15. O-O-O Nxa2+ 16. Kb1 Nb4 17. c3 Nc6 18. Nxc6 bxc6 19. h4 f6 20. Kc2 e5
21. c4 Ke6 22. cxd5+ cxd5 23. Bxe5 fxe5 24. f4 Rc8+ 25. Kb1 e4 26. Rc1 Bb4 27.
Rxc8 Rxc8 28. g4 Bd2 29. Ka2 Bxe3 30. b4 Bxf4 31. Ka3 e3 32. Re1 Rc2 33. Kb3
Rh2 34. Kc3 e2 35. Kd3 Bg3 36. Rxe2+ Rxe2 37. Kxe2 Bxh4 38. b5 Kd6 39. Kf3 Kc5
40. Kf4 Kxb5 41. g5 Bxg5+ 0-1

[Event "NW Regional Scholastic Championships"]
[Site "Chess.com"]
[Date "2020.05.16"]
[Round "?"]
[White "ghostyghost69"]
[Black "jsmith2005"]
[Result "0-1"]
[WhiteElo "1040"]
[BlackElo "1000"]
[PlyCount "70"]
[EventDate "2020.??.??"]

1. e4 Nf6 2. Nc3 e5 3. Nf3 Nc6 4. Bc4 Bc5 5. Ng5 O-O 6. O-O d6 7. d3 Nd4 8. a3
Ng4 9. b4 Bb6 10. a4 a5 11. Rb1 h6 12. Nh3 c6 13. Be3 d5 14. exd5 cxd5 15. Bxd5
Re8 16. f3 Nxe3 17. Qe1 Nxf1 18. Qxf1 Nxc2+ 19. Kh1 Nxb4 20. f4 Nxd5 21. Nxd5
Qxd5 22. Rxb6 exf4 23. Nxf4 Qe5 24. Rb1 Bf5 25. h3 Rad8 26. g4 Rd4 27. Ng2 Bxd3
28. Qd1 Bxb1 29. Qxb1 Qd5 30. Kh2 Rxa4 31. Ne3 Rxe3 32. h4 Ra2+ 33. Kg1 Rg3+
34. Kf1 Qf3+ 35. Ke1 Qe2# 0-1

[Event "NW Regional Scholastic Championships"]
[Site "Chess.com"]
[Date "2020.05.16"]
[Round "?"]
[White "jsmith2005"]
[Black "chess12387"]
[Result "0-1"]
[WhiteElo "1000"]
[BlackElo "1316"]
[PlyCount "102"]
[EventDate "2020.??.??"]

1. d4 d5 2. Nc3 Nf6 3. Nf3 Bf5 4. Bf4 e6 5. e3 Bb4 6. a3 Bxc3+ 7. bxc3 Nc6 8.
Bb5 O-O 9. Bxc6 bxc6 10. Ne5 Qe8 11. O-O Nd7 12. Nxd7 Qxd7 13. Rb1 Rfb8 14.
Rxb8+ Rxb8 15. g4 Bg6 16. Re1 Qe7 17. a4 Qa3 18. Bxc7 Rb7 19. Bf4 Qxa4 20. g5
Bxc2 21. Qa1 Qxa1 22. Rxa1 Rb1+ 23. Rxb1 Bxb1 24. Kg2 a5 25. e4 a4 26. Bc1
Bxe4+ 27. Kg3 h6 28. Kf4 hxg5+ 29. Kxg5 f6+ 30. Kf4 Kf7 31. h4 Kg6 32. Kg4 Bf5+
33. Kf4 Kh5 34. Kg3 e5 35. dxe5 fxe5 36. Bb2 c5 37. c4 d4 38. f3 d3 39. Bxe5 d2
40. Bxg7 d1=Q 41. Bf8 Qg1+ 42. Kf4 Bc2 43. Bxc5 Qxc5 44. Kg3 Qxc4 45. f4 Qd3+
46. Kf2 Bd1 47. Kg2 Qf3+ 48. Kg1 Qe2 49. f5 Kxh4 50. f6 Kg3 51. f7 Qg2# 0-1

[Event "NW Regional Scholastic Championships"]
[Site "Chess.com"]
[Date "2020.05.16"]
[Round "?"]
[White "BoneMarrowGang"]
[Black "jsmith2005"]
[Result "1-0"]
[WhiteElo "1137"]
[BlackElo "1000"]
[PlyCount "51"]
[EventDate "2020.??.??"]

1. e4 Nf6 2. Nc3 Nc6 3. Bc4 e5 4. Nf3 Bc5 5. d3 O-O 6. Bg5 h6 7. Bh4 g5 8. Nxg5
hxg5 9. Bxg5 d6 10. Nd5 Bg4 11. f3 Be6 12. Nxf6+ Kg7 13. Nh5+ Kh7 14. Bxd8
Raxd8 15. Qd2 Nd4 16. O-O-O Rg8 17. c3 Nc6 18. Bxe6 fxe6 19. g4 Rdf8 20. Rdf1
d5 21. f4 exf4 22. Rxf4 Rxf4 23. Qxf4 Bd6 24. Qf6 Rg6 25. Qf7+ Rg7 26. Qxg7#
1-0

[Event "NW Regional Scholastic Championships"]
[Site "Chess.com"]
[Date "2020.05.16"]
[Round "?"]
[White "cannondabomb"]
[Black "FaBreece"]
[Result "1-0"]
[WhiteElo "1201"]
[BlackElo "948"]
[PlyCount "139"]
[EventDate "2020.??.??"]

1. e4 e5 2. Nf3 Nc6 3. d4 exd4 4. Bc4 Bc5 5. c3 Qf6 6. O-O d6 7. h3 Ne5 8. Nxe5
Qxe5 9. cxd4 Bxd4 10. Qb3 Be6 11. Bxe6 fxe6 12. Qxb7 Rd8 13. Qxc7 Qxe4 14. Nc3
Qc2 15. Nb5 Qc5 16. Qxc5 dxc5 17. Nxa7 Ne7 18. Bg5 Rd7 19. Nb5 O-O 20. Nxd4
cxd4 21. Rfe1 h6 22. Bh4 Nf5 23. Bg3 Nxg3 24. fxg3 Re7 25. Rad1 e5 26. a4 Rd8
27. Re4 Rd5 28. b4 Ra7 29. a5 Kf7 30. Kf2 Kf6 31. g4 g5 32. Ke2 Rb5 33. Rb1 Ke6
34. Kd3 Kd5 35. g3 Rab7 36. a6 Rc7 37. Rb3 Rc3+ 38. Rxc3 dxc3 39. Re2 Rxb4 40.
Kxc3 Rc4+ 41. Kb3 e4 42. a7 Rc8 43. Ra2 Ra8 44. Kc3 Rc8+ 45. Kd2 Ra8 46. Ke3
Ke5 47. Ra5+ Kf6 48. Kxe4 Kg6 49. h4 h5 50. gxh5+ Kxh5 51. Rxg5+ Kh6 52. Ra5
Kg6 53. h5+ Kh6 54. g4 Kg7 55. g5 Kh7 56. Ra6 Kg7 57. Kf5 Rf8+ 58. Ke6 Ra8 59.
Ke7 Kg8 60. h6 Kh7 61. Kd7 Kg8 62. Kc7 Kh7 63. Kb7 Rxa7+ 64. Kxa7 Kg8 65. g6
Kf8 66. Rf6+ Ke7 67. Rf1 Ke6 68. g7 Ke5 69. g8=Q Ke4 70. Qe8+ 1-0

[Event "NW Regional Scholastic Championships"]
[Site "Chess.com"]
[Date "2020.05.16"]
[Round "?"]
[White "FaBreece"]
[Black "shadow375"]
[Result "0-1"]
[WhiteElo "948"]
[BlackElo "965"]
[PlyCount "24"]
[EventDate "2020.??.??"]

1. e4 e5 2. Nf3 Nf6 3. Bc4 Bc5 4. Nxe5 Nc6 5. Nxf7 Bxf2+ 6. Kxf2 Nxe4+ 7. Ke1
Qh4+ 8. g3 Nxg3 9. Rg1 Ne4+ 10. Ke2 Qf2+ 11. Kd3 Nc5+ 12. Kc3 Qd4# 0-1

[Event "NW Regional Scholastic Championships"]
[Site "Chess.com"]
[Date "2020.05.16"]
[Round "?"]
[White "FaBreece"]
[Black "HigherChallenge"]
[Result "1-0"]
[WhiteElo "948"]
[BlackElo "1275"]
[PlyCount "45"]
[EventDate "2020.??.??"]

1. e4 d5 2. Nc3 d4 3. Na4 Bd7 4. Nc5 e5 5. Nxd7 Qxd7 6. d3 Nc6 7. Nf3 h6 8. a3
O-O-O 9. g3 g6 10. h4 h5 11. Bh3 f5 12. exf5 gxf5 13. Qe2 Bg7 14. Bg5 Re8 15.
O-O-O Nge7 16. Rhe1 Ng6 17. Bd2 Qf7 18. Ng5 Qa2 19. Bxf5+ Kb8 20. Bf4 exf4 21.
Qxe8+ Rxe8 22. Rxe8+ Nd8 23. Rxd8# 1-0

[Event "NW Regional Scholastic Championships"]
[Site "Chess.com"]
[Date "2020.05.16"]
[Round "?"]
[White "PrestinoPower"]
[Black "FaBreece"]
[Result "1-0"]
[WhiteElo "800"]
[BlackElo "948"]
[PlyCount "101"]
[EventDate "2020.??.??"]

1. e4 e5 2. Nf3 Nc6 3. Bc4 Bc5 4. d3 Qf6 5. Bg5 Qg6 6. Qe2 h6 7. Bh4 Nd4 8.
Nxd4 Bxd4 9. c3 Bc5 10. b4 Bb6 11. O-O d6 12. Bb5+ c6 13. Ba4 Bh3 14. Qf3 Bg4
15. Qg3 Nf6 16. Bxf6 gxf6 17. Nd2 Rg8 18. Nc4 d5 19. exd5 Kf8 20. Rfe1 cxd5 21.
Nd6 Rd8 22. Nxb7 Rd7 23. Bxd7 Bxd7 24. Qxg6 Rxg6 25. Rec1 f5 26. Nc5 Bxc5 27.
bxc5 e4 28. dxe4 fxe4 29. Rd1 Rg5 30. h4 Rh5 31. g3 f5 32. Rxd5 Bc6 33. Re5 Kf7
34. Rd1 Kf6 35. g4 Rxh4 36. Rxf5+ Ke6 37. Rd6+ Ke7 38. Re5+ Kf7 39. Rxc6 Rxg4+
40. Kf1 h5 41. Rxh5 Rg7 42. Rf5+ Kg8 43. Re6 Kh7 44. Rxe4 Kg8 45. c6 Kh7 46.
Rc5 Kg8 47. c7 Kh7 48. c8=Q Rg6 49. Qf5 a5 50. Re7+ Kh6 51. Qh5# 1-0

[Event "NW Regional Scholastic Championships"]
[Site "Chess.com"]
[Date "2020.05.16"]
[Round "?"]
[White "jsmith2005"]
[Black "FaBreece"]
[Result "0-1"]
[WhiteElo "1000"]
[BlackElo "948"]
[PlyCount "70"]
[EventDate "2020.??.??"]

1. d4 d5 2. e4 Nf6 3. Nc3 e6 4. e5 Ne4 5. Nxe4 dxe4 6. Bf4 Nc6 7. Bb5 Qd5 8.
Bxc6+ Qxc6 9. f3 g6 10. fxe4 Qxe4+ 11. Qe2 Qxf4 12. g3 Qxd4 13. c3 Qd5 14. Qf3
Qxe5+ 15. Qe2 Qxe2+ 16. Nxe2 e5 17. O-O-O Bh6+ 18. Kb1 Bf5+ 19. Ka1 O-O 20.
Rhe1 Rad8 21. Rxd8 Rxd8 22. a3 b5 23. Ka2 Be6+ 24. b3 a5 25. Rc1 Rd2+ 26. Kb1
Rxe2 27. Rd1 Bxb3 28. Rd8+ Kg7 29. Re8 Ba2+ 30. Ka1 f6 31. Rc8 e4 32. Rxc7+ Kf8
33. Rxh7 Rxh2 34. Rxh6 Rxh6 35. Kxa2 e3 0-1

[Event "NW Regional Scholastic Championships"]
[Site "Chess.com"]
[Date "2020.05.16"]
[Round "?"]
[White "blackqueen2019"]
[Black "TemporaryOnly"]
[Result "0-1"]
[WhiteElo "1200"]
[BlackElo "1676"]
[PlyCount "58"]
[EventDate "2020.??.??"]

1. e4 e5 2. Nf3 Nc6 3. Nc3 Nf6 4. Bb5 Nd4 5. Nxd4 exd4 6. Nd5 Nxd5 7. exd5 Qe7+
8. Kf1 a6 9. Bc4 Qf6 10. Qe2+ Be7 11. d3 O-O 12. Bd2 b5 13. Bb3 Bb7 14. Qg4
Rfe8 15. Re1 Bf8 16. Bg5 Rxe1+ 17. Kxe1 Re8+ 18. Kd1 Qg6 19. Qf4 Bd6 20. Qg4 f6
21. Re1 Rxe1+ 22. Kxe1 fxg5 23. Qxd7 Qf7 24. Qc8+ Bxc8 25. c4 Bb4+ 26. Kd1 Bg4+
27. Kc2 Qxf2+ 28. Kc1 Qe1+ 29. Bd1 Qxd1# 0-1

[Event "NW Regional Scholastic Championships"]
[Site "Chess.com"]
[Date "2020.05.16"]
[Round "?"]
[White "Deng16"]
[Black "blackqueen2019"]
[Result "1-0"]
[WhiteElo "1200"]
[BlackElo "1200"]
[PlyCount "63"]
[EventDate "2020.??.??"]

1. e4 e5 2. Nf3 Nc6 3. Bb5 Nd4 4. Nxd4 exd4 5. d3 Nf6 6. Bg5 Bc5 7. O-O h6 8.
Bh4 Qe7 9. e5 Qxe5 10. Re1 Ne4 11. Rxe4 Qxe4 12. dxe4 c6 13. Bc4 d6 14. Qf3 Be6
15. Bxe6 fxe6 16. Nd2 Rf8 17. Qg3 d3 18. cxd3 Bxf2+ 19. Qxf2 Rxf2 20. Bxf2 Kd7
21. Nc4 d5 22. exd5 cxd5 23. Ne5+ Kd6 24. Bg3 Rf8 25. Ng6+ Kc5 26. Nxf8 Kd4 27.
Rd1 e5 28. Nd7 h5 29. Bxe5+ Ke3 30. Kf1 g5 31. Nf6 h4 32. Nxd5# 1-0

[Event "NW Regional Scholastic Championships"]
[Site "Chess.com"]
[Date "2020.05.16"]
[Round "?"]
[White "shadow375"]
[Black "blackqueen2019"]
[Result "1-0"]
[WhiteElo "965"]
[BlackElo "1200"]
[PlyCount "73"]
[EventDate "2020.??.??"]

1. e4 e5 2. f4 exf4 3. Nf3 Nc6 4. Bc4 Nf6 5. Nc3 Bd6 6. O-O Bb4 7. e5 Ng4 8. d4
Bxc3 9. bxc3 Na5 10. Bb3 d6 11. exd6 Qxd6 12. Ng5 Qh6 13. h3 Ne3 14. Bxe3 fxe3
15. Nxf7 Qg6 16. Nxh8 Qg5 17. Qf3 Bd7 18. Qf7+ Kd8 19. Qf8+ Be8 20. Nf7+ Kd7
21. Nxg5 Bh5 22. Rf7+ Bxf7 23. Qxa8 Bxb3 24. axb3 Kd6 25. Rxa5 b6 26. Rxa7 c6
27. c4 c5 28. dxc5+ bxc5 29. Nxh7 g6 30. Qd8+ Ke5 31. Re7+ Kf4 32. Qf8+ Kg3 33.
Rxe3+ Kh4 34. Qf4+ Kh5 35. g4+ Kh4 36. Nf8 g5 37. Ng6# 1-0

[Event "NW Regional Scholastic Championships"]
[Site "Chess.com"]
[Date "2020.05.16"]
[Round "?"]
[White "blackqueen2019"]
[Black "ghostyghost69"]
[Result "0-1"]
[WhiteElo "1200"]
[BlackElo "1040"]
[PlyCount "46"]
[EventDate "2020.??.??"]

1. e4 e5 2. Nf3 Nc6 3. Nc3 Nf6 4. d3 Bc5 5. Be2 d6 6. Bg5 h6 7. Bxf6 Qxf6 8.
O-O O-O 9. Nd5 Qg6 10. Nh4 Qg5 11. Nf3 Qg6 12. Nh4 Qg5 13. Nf3 Qh5 14. Nd2 Qg6
15. Bh5 Qg5 16. Nxc7 Rb8 17. Nb3 Bb6 18. Nd5 g6 19. Bxg6 Qxg6 20. c3 Kh8 21.
Nd4 exd4 22. cxd4 Rg8 23. Nxb6 Qxg2# 0-1